000 00950nam a22003257a 4500
001 BR7703910
003 BR-BrBNA
005 20230928085347.0
007 ta
008 230509b bl.||||| |||| 00| 0 por d
040 _aBR-BrBNA
_bpor
_cBiblioteca Nacional de Agricultura
041 _a(Por)
072 _aE30
_b/G514
090 _ E30 BR7703910
100 1 _aPontes, R.O. de
110 1 _aMinisterio do Interior, Brasilia, DF (Brasil). Coordenadoria de Comunicacao Social
_97114
245 1 _aZona Franca, fator de desenvolvimento para a Amazonia Ocidental [Brasil]
260 3 _aBrasilia, DF (Brasil):
_c1977.
300 _a37 p.
500 _a13 tables; 14 ref.
650 _aDesenvolvimento agricola
650 _aComercializacao
650 _aInspecao sanitaria
650 _aImportacao
650 _aExportacao
650 _aRenda
650 _aAmazonia Ocidental
909 _a202309
_bLucia
_c55
_dLucia Elande
942 _cBK
999 _c24013
_d24013